[Event "11th Vellmar Open 2019"]
[Site "Vellmar GER"]
[Date "2019.07.04"]
[Round "1.1"]
[White "Fuss,Jean-Pierre"]
[Black "Schnepp,G"]
[Result "0-1"]
[BlackTitle "FM"]
[WhiteElo "1957"]
[BlackElo "2292"]
[WhiteFideId "16232240"]
[BlackFideId "1604503"]
[EventDate "2019.07.04"]

1. d4 Nf6 2. c4 c5 3. d5 b5 4. cxb5 a6 5. bxa6 g6 6. Nc3 Bxa6 7. e4 Bxf1 8. Kxf1
d6 9. g3 Bg7 10. Kg2 O-O 11. Nf3 Nbd7 12. h3 Ra6 13. Qe2 Qa8 14. Bf4 Rb8 15.
Rhc1 Rab6 16. Rc2 Ne8 17. e5 dxe5 18. Nxe5 Re6 19. Nxd7 Rxe2 20. Rxe2 Rxb2 0-1

[Event "11th Vellmar Open 2019"]
[Site "Vellmar GER"]
[Date "2019.07.04"]
[Round "1.2"]
[White "Hahn,Markus"]
[Black "Krause,Ma2"]
[Result "1/2-1/2"]
[WhiteElo "2290"]
[BlackElo "1951"]
[WhiteFideId "24654647"]
[BlackFideId "24615889"]
[EventDate "2019.07.04"]

1. d4 Nf6 2. c4 e6 3. Nf3 d5 4. g3 Be7 5. Bg2 O-O 6. O-O a6 7. Qc2 dxc4 8. Qxc4
b5 9. Qc2 Bb7 10. Bg5 Nbd7 11. Bxf6 Nxf6 12. Nbd2 Rc8 13. Nb3 Be4 14. Qc3 Bd5
15. Qa5 c6 16. Qxd8 Rfxd8 17. Rfc1 Ne4 18. Ne5 f6 19. Nd3 Bxb3 20. axb3 Nd2 21.
Rxc6 Rxc6 22. Bxc6 Nxb3 23. Rxa6 Nxd4 24. Kf1 Kf7 25. Bg2 Nb3 26. Bh3 Rd6 27.
Ra7 Rb6 28. e3 Rc6 29. Bg4 Rc2 30. Bd1 Rd2 31. Bxb3 Rxd3 32. Bc2 Rd2 33. Bxh7
Rxb2 34. Bg8+ Kxg8 35. Rxe7 e5 36. g4 b4 37. Kg2 b3 38. Rb7 Rb1 39. h4 b2 40. g5
fxg5 41. hxg5 Kh7 42. Rb6 e4 43. Kh2 g6 44. Kg2 1/2-1/2

[Event "11th Vellmar Open 2019"]
[Site "Vellmar GER"]
[Date "2019.07.04"]
[Round "1.3"]
[White "Powalla,K"]
[Black "Keller,Pe GER"]
[Result "0-1"]
[BlackTitle "FM"]
[WhiteElo "1944"]
[BlackElo "2279"]
[WhiteFideId "24650668"]
[BlackFideId "1272105"]
[EventDate "2019.07.04"]

1. b3 e5 2. Bb2 Nc6 3. e3 Nf6 4. Bb5 Bd6 5. Nf3 e4 6. Nd4 Nxd4 7. Bxd4 O-O 8.
O-O c6 9. Be2 Re8 10. f3 exf3 11. Bxf3 Qc7 12. h3 Be5 13. Bc3 d5 14. Kh1 Bf5 15.
Bxe5 Qxe5 16. Nc3 Rad8 17. Rc1 Rd6 18. Qe2 Bg6 19. Qf2 a6 20. Ne2 Qb2 21. Nd4 c5
22. Ne2 Qxa2 23. Nc3 Qa5 24. h4 h5 25. Na4 Ne4 26. Bxe4 Rxe4 27. Nc3 Rg4 28. g3
d4 29. exd4 cxd4 30. Nb1 Rf6 31. Qg1 Be4+ 32. Kh2 Qe5 33. Rxf6 Rxh4# 0-1

[Event "11th Vellmar Open 2019"]
[Site "Vellmar GER"]
[Date "2019.07.04"]
[Round "1.4"]
[White "Dorst,J"]
[Black "Thomasson,S"]
[Result "1-0"]
[WhiteTitle "FM"]
[WhiteElo "2234"]
[BlackElo "1876"]
[WhiteFideId "4650433"]
[BlackFideId "1706284"]
[EventDate "2019.07.04"]

1. e4 c5 2. Nc3 g6 3. d4 cxd4 4. Qxd4 Nf6 5. Bb5 a6 6. Nd5 axb5 7. Qe5 Bg7 8.
Nc7+ Kf8 9. Nxa8 Nc6 10. Qxb5 Nxe4 11. Ne2 d5 12. Nb6 Nd6 13. Qc5 Bf5 14. Be3 e6
15. Nc8 Qxc8 16. Qxd6+ Kg8 17. c3 Ne5 18. O-O Ng4 19. Bf4 e5 20. Bg5 Bd3 21.
Rfe1 Qf5 22. Qd8+ Bf8 23. f3 Kg7 24. fxg4 Bc5+ 25. Kh1 Qf2 26. Qxd5 e4 27. Rf1
Qxe2 1-0

[Event "11th Vellmar Open 2019"]
[Site "Vellmar GER"]
[Date "2019.07.04"]
[Round "1.5"]
[White "Nielsen,Michael Volstrup"]
[Black "Kersten,U"]
[Result "1/2-1/2"]
[BlackTitle "FM"]
[WhiteElo "1912"]
[BlackElo "2248"]
[WhiteFideId "1454749"]
[BlackFideId "4615646"]
[EventDate "2019.07.04"]

1. d4 Nf6 2. Bf4 e6 3. e3 c5 4. c3 Nc6 5. Nd2 d5 6. Ngf3 Bd6 7. Ne5 O-O 8. Bd3
Qc7 9. Ndf3 Ne4 10. Qc2 f5 11. Nxc6 bxc6 12. Bxd6 Qxd6 13. O-O Nf6 14. Ne5 Nd7
15. f4 Nxe5 16. dxe5 Qc7 17. Rf3 Qb6 18. Qe2 c4 19. Bc2 Qxb2 20. Rb1 Qxc3 21.
Rh3 Ba6 22. Rd1 Qb2 23. Rxh7 g6 24. Rh6 Rf7 25. Rxg6+ Rg7 26. Rxg7+ Kxg7 27. Qh5
Qxc2 28. Qg5+ Kh7 29. Qh5+ Kg7 30. Qg5+ Kh7 31. Qh5+ 1/2-1/2

[Event "11th Vellmar Open 2019"]
[Site "Vellmar GER"]
[Date "2019.07.04"]
[Round "1.6"]
[White "Meyner,H"]
[Black "Ruhl,Moritz"]
[Result "1-0"]
[WhiteElo "2213"]
[BlackElo "1890"]
[WhiteFideId "4664205"]
[BlackFideId "12960179"]
[EventDate "2019.07.04"]

1. d4 d5 2. Bf4 Nf6 3. e3 e6 4. Nd2 Bd6 5. Bg3 O-O 6. Ngf3 b6 7. Bd3 c5 8. c3
Bb7 9. Qe2 Nc6 10. Rd1 Re8 11. e4 e5 12. dxc5 bxc5 13. exd5 Nd4 14. cxd4 exd4
15. Ne5 Bxe5 16. Bxe5 Nd7 17. f4 f6 18. Qe4 g6 19. O-O fxe5 20. f5 Nf6 21. Qh4
Kg7 22. fxg6 hxg6 23. Ne4 Nxe4 24. Qxe4 Qd6 25. Bc4 Rad8 26. Qf3 Rf8 27. Qa3
Bxd5 28. Bxd5 Qxd5 29. Qxa7+ Rd7 30. Qa6 Rxf1+ 31. Rxf1 Rf7 32. Rxf7+ Kxf7 33.
Kf2 e4 34. Qa4 e3+ 35. Ke1 Kf6 36. Qa6+ Kg5 37. h4+ Kxh4 38. Qxg6 Qg5 39. Qxg5+
Kxg5 40. a4 c4 41. a5 c3 42. bxc3 dxc3 43. Kd1 Kf4 44. a6 1-0

[Event "11th Vellmar Open 2019"]
[Site "Vellmar GER"]
[Date "2019.07.04"]
[Round "1.7"]
[White "Wecke,T"]
[Black "Frohberg,M"]
[Result "1/2-1/2"]
[WhiteElo "1901"]
[BlackElo "2227"]
[WhiteFideId "24600342"]
[BlackFideId "4639308"]
[EventDate "2019.07.04"]

1. d4 f5 2. h3 d5 3. g4 e6 4. Nf3 Bd6 5. gxf5 exf5 6. Rg1 Qe7 7. Bg5 Nf6 8. Nc3
c6 9. Qd3 Qf7 10. Ne5 Bxe5 11. dxe5 Ne4 12. f3 Nxg5 13. Rxg5 Qe7 14. f4 Qb4 15.
e3 O-O 16. O-O-O 1/2-1/2

[Event "11th Vellmar Open 2019"]
[Site "Vellmar GER"]
[Date "2019.07.04"]
[Round "1.8"]
[White "Bergauz,Avigdor"]
[Black "Plaza Reino,Mercedes"]
[Result "1-0"]
[WhiteElo "2225"]
[BlackElo "1897"]
[WhiteFideId "12943770"]
[BlackFideId "24511951"]
[EventDate "2019.07.04"]

1. c4 e5 2. g3 Nf6 3. Bg2 d5 4. cxd5 Nxd5 5. Nc3 Nb6 6. Nf3 Nc6 7. O-O Be7 8.
d3 O-O 9. a4 a5 10. Be3 Be6 11. Nd2 Qd7 12. Bxb6 cxb6 13. Nc4 Bc5 14. Ne4 Bxc4
15. Nxc5 bxc5 16. dxc4 Rfd8 17. Bd5 Nb4 18. Qb3 Ra6 19. Rad1 Rd6 20. e4 b6 21.
f4 exf4 22. Rxf4 Nxd5 23. exd5 Re8 24. Rff1 Re2 25. Rde1 Qg4 26. Qd3 Rxe1 27.
Rxe1 g6 28. Re4 Qg5 29. Re8+ Kg7 30. Qe3 Qxe3+ 31. Rxe3 h5 32. Re8 f5 33. Kf2
Kf6 34. Kf3 g5 35. h4 gxh4 36. gxh4 Kf7 37. Re5 Kg6 38. Kf4 Rf6 39. Re7 Rd6 40.
Rc7 Rf6 41. Rc6 Kf7 42. Ke5 Rg6 43. Rxg6 Kxg6 44. d6 1-0

[Event "11th Vellmar Open 2019"]
[Site "Vellmar GER"]
[Date "2019.07.04"]
[Round "1.9"]
[White "Wuestehube,H"]
[Black "Schulze,Lara"]
[Result "0-1"]
[BlackTitle "WFM"]
[WhiteElo "1887"]
[BlackElo "2253"]
[WhiteFideId "24614084"]
[BlackFideId "12956830"]
[EventDate "2019.07.04"]

1. e4 e6 2. d3 d5 3. Nd2 c5 4. Ngf3 Nc6 5. g3 Bd6 6. Bg2 Nge7 7. O-O O-O 8. Re1
Qc7 9. Nh4 Bd7 10. f4 f6 11. c3 d4 12. Nc4 e5 13. Nxd6 Qxd6 14. c4 a6 15. Nf3 b5
16. b3 Nc8 17. Bd2 Nb6 18. cxb5 axb5 19. Qc2 c4 20. bxc4 bxc4 21. Reb1 Qc5 22.
Rxb6 Qxb6 23. Qxc4+ Kh8 24. fxe5 Nxe5 25. Nxe5 fxe5 26. Qb4 Qe6 27. a3 Rfb8 28.
Qc5 Rb5 29. Qc2 Rc8 30. Qd1 Rb2 31. Bb4 Rcc2 32. Bf1 Qh6 33. h4 Qe3+ 0-1

[Event "11th Vellmar Open 2019"]
[Site "Vellmar GER"]
[Date "2019.07.04"]
[Round "1.10"]
[White "Nilsson,Anders1"]
[Black "Reinhardt,Johannes"]
[Result "1/2-1/2"]
[WhiteTitle "CM"]
[WhiteElo "2225"]
[BlackElo "1838"]
[WhiteFideId "1705423"]
[BlackFideId "12928283"]
[EventDate "2019.07.04"]

1. d4 Nf6 2. c4 c5 3. d5 e6 4. Nc3 exd5 5. cxd5 d6 6. Nf3 g6 7. Bg5 Bg7 8. e3
O-O 9. Nd2 a6 10. a4 Qc7 11. Nc4 Nbd7 12. Bf4 Ne8 13. Ne4 Ne5 14. Nexd6 Nxd6 15.
Bxe5 Bxe5 16. Nxe5 Qa5+ 17. Qd2 Qxd2+ 18. Kxd2 Rd8 19. Nc4 Nxc4+ 20. Bxc4 Bd7
21. a5 Bb5 22. b3 f5 23. Rhe1 Bc6 24. Kc3 Bxd5 25. Rad1 Bf7 26. Bxf7+ Kxf7 27.
Kc4 Rac8 28. Rxd8 Rxd8 29. Kxc5 Rd2 30. Rb1 Ke6 31. Kb6 Rd5 32. Kxb7 Rxa5 33.
Rb2 g5 34. b4 Ra1 35. Rc2 Ra4 36. Rc4 Ra2 37. g4 Rxf2 38. Rc6+ Kf7 39. gxf5 Rxh2
40. Kxa6 g4 41. e4 Re2 42. b5 Rxe4 43. b6 Ra4+ 44. Kb5 Ra1 45. Rc4 Rb1+ 46. Rb4
Rxb4+ 47. Kxb4 g3 48. b7 g2 49. b8=Q g1=Q 50. Qe5 Qb1+ 1/2-1/2

[Event "11th Vellmar Open 2019"]
[Site "Vellmar GER"]
[Date "2019.07.04"]
[Round "1.11"]
[White "Tietze,M"]
[Black "Cherny,A"]
[Result "0-1"]
[WhiteElo "1867"]
[BlackElo "2188"]
[WhiteFideId "4676335"]
[BlackFideId "4688473"]
[EventDate "2019.07.04"]

1. d4 d5 2. Nf3 Nf6 3. e3 e6 4. Bd3 c5 5. c3 Nc6 6. O-O Bd6 7. Nbd2 O-O 8. Re1
e5 9. dxe5 Nxe5 10. Nxe5 Bxe5 11. Nf3 Bc7 12. c4 Bg4 13. Be2 Qe7 14. Qc2 Rad8
15. b3 Rfe8 16. Bb2 d4 17. exd4 Bxf3 18. gxf3 Qd6 0-1

[Event "11th Vellmar Open 2019"]
[Site "Vellmar GER"]
[Date "2019.07.04"]
[Round "1.12"]
[White "Wiley,To"]
[Black "Moeckel,Jens"]
[Result "1-0"]
[WhiteTitle "FM"]
[WhiteElo "2162"]
[BlackElo "1859"]
[WhiteFideId "401765"]
[BlackFideId "16202830"]
[EventDate "2019.07.04"]

1. d4 g6 2. c4 Bg7 3. e4 c5 4. d5 d6 5. Bd3 Nf6 6. Nc3 Ng4 7. Nf3 Nd7 8. O-O O-O
9. Be2 Nb6 10. h3 Ne5 11. Nxe5 Bxe5 12. Bh6 Re8 13. Qd2 e6 14. Bg5 f6 15. Be3
Bxc3 16. Qxc3 e5 17. b3 Bd7 18. Rae1 Nc8 19. Bd3 a5 20. a3 Ne7 21. f4 Qb6 22.
Rf3 Qa6 23. fxe5 dxe5 24. Bxc5 Rac8 25. Bxe7 Rxe7 26. Ref1 Qb6+ 27. Kh2 f5 28.
b4 fxe4 29. Bxe4 Qd4 30. Qxd4 exd4 31. Bd3 axb4 32. axb4 Ra8 33. c5 Ra3 34. d6
Re3 35. Bc4+ Kg7 36. Rf7+ Kh6 37. Rxd7 Rac3 38. Rxb7 1-0

[Event "11th Vellmar Open 2019"]
[Site "Vellmar GER"]
[Date "2019.07.04"]
[Round "1.13"]
[White "Heckmann,Torsten"]
[Black "Jensen,JB"]
[Result "1-0"]
[WhiteElo "1862"]
[BlackElo "2173"]
[WhiteFideId "24653896"]
[BlackFideId "1401513"]
[EventDate "2019.07.04"]

1. e4 e6 2. d4 d5 3. exd5 exd5 4. Bd3 c5 5. c3 Nc6 6. Nf3 Bd6 7. O-O Nge7 8. Re1
O-O 9. Qc2 h6 10. h3 Be6 11. dxc5 Bxc5 12. Bf4 Rc8 13. Nbd2 Bb6 14. Rad1 Nb4 15.
Bh7+ Kh8 16. Qb1 Nbc6 17. Bc2 Bc7 18. Be3 Bb8 19. Nf1 Qc7 20. Ng3 b5 21. Qc1 Ng8
22. Bb1 Qd7 23. Qc2 f5 24. Nh5 Nf6 25. Nf4 Bxf4 26. Bxf4 Ne4 27. Ne5 Nxe5 28.
Bxe5 Qf7 29. Qe2 Bd7 30. Qd3 Rfe8 31. Bd4 Be6 32. Re3 f4 33. Ree1 Bf5 34. Qxb5
f3 35. Qa6 Qh5 36. Re3 fxg2 37. Rde1 Bxh3 38. Bxe4 dxe4 39. Rg3 Rg8 40. Qxa7 Bg4
41. Rxg2 Ra8 42. Qc7 Rac8 43. Qg3 Bf3 44. Rh2 Qg4 45. Rxh6# 1-0

[Event "11th Vellmar Open 2019"]
[Site "Vellmar GER"]
[Date "2019.07.04"]
[Round "1.14"]
[White "Colbow,Collin"]
[Black "Ullmann,Ralf"]
[Result "1-0"]
[WhiteElo "2167"]
[BlackElo "1830"]
[WhiteFideId "16201132"]
[BlackFideId "1271401"]
[EventDate "2019.07.04"]

1. e4 c5 2. Nf3 e6 3. d4 cxd4 4. Nxd4 Nf6 5. Nc3 d6 6. Be3 a6 7. Be2 Qc7 8. g4
Nc6 9. g5 Nd7 10. f4 Be7 11. Qd2 Nxd4 12. Bxd4 O-O 13. f5 Ne5 14. f6 gxf6 15.
gxf6 Bxf6 16. Rg1+ Kh8 17. O-O-O Bd7 18. Qh6 Qd8 19. Rdf1 1-0

[Event "11th Vellmar Open 2019"]
[Site "Vellmar GER"]
[Date "2019.07.04"]
[Round "1.15"]
[White "Poschadel,Andreas Gregor"]
[Black "Gramb,Marius"]
[Result "1/2-1/2"]
[WhiteElo "1809"]
[BlackElo "2164"]
[WhiteFideId "16204948"]
[BlackFideId "24656593"]
[EventDate "2019.07.04"]

1. e4 c5 2. Nc3 a6 3. d4 cxd4 4. Qxd4 Nc6 5. Qd2 Nf6 6. b3 g6 7. Bb2 Bg7 8.
O-O-O O-O 9. f3 b5 10. g4 d6 11. h4 h5 12. Nd5 e5 13. Nxf6+ Qxf6 14. g5 Qe7 15.
Qxd6 Qxd6 16. Rxd6 Bb7 17. Bg2 Rfd8 18. Rxd8+ Rxd8 19. Nh3 Nd4 20. c3 Ne6 21.
Kc2 1/2-1/2

[Event "11th Vellmar Open 2019"]
[Site "Vellmar GER"]
[Date "2019.07.04"]
[Round "1.16"]
[White "Henrich,T"]
[Black "Blaschke,Henri Johannes"]
[Result "1-0"]
[WhiteTitle "FM"]
[WhiteElo "2139"]
[BlackElo "1846"]
[WhiteFideId "4640993"]
[BlackFideId "12995320"]
[EventDate "2019.07.04"]

1. e4 e5 2. Nf3 Nc6 3. Bb5 Nf6 4. d3 Bc5 5. c3 d6 6. Nbd2 O-O 7. h3 a6 8. Ba4 b5
9. Bc2 Bb7 10. Nf1 Ne7 11. Bg5 Ng6 12. Ng3 h6 13. Be3 Ba7 14. Qd2 Re8 15. Nf5 d5
16. Bxh6 dxe4 17. Ng5 e3 18. Bxg7 1-0

[Event "11th Vellmar Open 2019"]
[Site "Vellmar GER"]
[Date "2019.07.04"]
[Round "1.17"]
[White "Kanbach,Mike"]
[Black "Hahn,F"]
[Result "1/2-1/2"]
[WhiteElo "1826"]
[BlackElo "2138"]
[WhiteFideId "12974536"]
[BlackFideId "24659720"]
[EventDate "2019.07.04"]

1. Nf3 c5 2. e3 g6 3. d4 Bg7 4. Be2 Nf6 5. O-O b6 6. Nbd2 O-O 7. c3 Bb7 8. b4 d5
9. bxc5 bxc5 10. Rb1 Qc7 11. Qb3 Bc8 12. c4 Ba6 13. Qa4 Bc8 14. Qb3 Be6 15. Qb7
Qxb7 16. Rxb7 Nc6 17. Rc7 Rfc8 18. Rxc8+ Rxc8 19. dxc5 Na5 20. Nd4 Rxc5 1/2-1/2

[Event "11th Vellmar Open 2019"]
[Site "Vellmar GER"]
[Date "2019.07.04"]
[Round "1.19"]
[White "Meyer,Marcel"]
[Black "Boder,Jan"]
[Result "0-1"]
[WhiteElo "1796"]
[BlackElo "2116"]
[WhiteFideId "12997234"]
[BlackFideId "16243226"]
[EventDate "2019.07.04"]

1. d4 Nf6 2. c4 c5 3. d5 b5 4. cxb5 a6 5. bxa6 g6 6. Nc3 Bg7 7. e4 O-O 8. Nf3
Qa5 9. Nd2 Bxa6 10. Bxa6 Qxa6 11. Qe2 e6 12. Qxa6 Nxa6 13. O-O exd5 14. exd5 Nb4
15. Nc4 Nfxd5 16. Nxd5 Nxd5 17. Rd1 Rfe8 18. Kf1 Nb4 19. Be3 Nc2 20. Rac1 Nxe3+
21. fxe3 Rxa2 22. Rxd7 Bxb2 23. Rc2 Ra1+ 24. Kf2 Be5 25. Nxe5 Rxe5 26. Rc7 Ra5
27. g4 h5 28. h3 Kg7 29. Rd2 hxg4 30. hxg4 Kf6 31. Rdd7 Kg5 32. Rxf7 Ra2+ 33.
Kg3 Ra4 34. Rc6 Rxg4+ 35. Kf3 Rge4 36. Rff6 Rxe3+ 37. Kf2 Re2+ 38. Kf1 Rc2 39.
Rxg6+ Kf4 40. Rcf6+ Ke3 41. Rg3+ Kd4 42. Rf4+ Kd5 43. Rd3+ Kc6 44. Rff3 c4 45.
Rde3 Rh5 46. Rh3 Rxh3 47. Rxh3 Rd2 48. Ke1 Rd4 49. Rg3 Kc5 50. Rh3 Kb4 51. Rg3
c3 52. Rg8 Kb3 53. Rb8+ Kc2 54. Rc8 Kb2 55. Rb8+ Kc1 56. Rc8 c2 57. Rb8 Re4+ 0-1

[Event "11th Vellmar Open 2019"]
[Site "Vellmar GER"]
[Date "2019.07.04"]
[Round "1.20"]
[White "Engel,Robert"]
[Black "Powalla,Christian"]
[Result "1-0"]
[WhiteElo "2054"]
[BlackElo "1816"]
[WhiteFideId "12974684"]
[BlackFideId "24658413"]
[EventDate "2019.07.04"]

1. e4 e5 2. Nf3 Nc6 3. Nc3 g6 4. d4 exd4 5. Nxd4 Bg7 6. Nb3 d6 7. Bd3 Nf6 8. Bg5
h6 9. Bh4 Be6 10. f4 O-O 11. Qe2 Re8 12. O-O a5 13. Nd2 Nd4 14. Qf2 c5 15. f5
gxf5 16. exf5 Bd7 17. Nce4 Bc6 18. c3 Bxe4 19. Nxe4 Nc6 20. Qg3 Nxe4 21. Bxe4 f6
22. Bd5+ Kh8 23. Rf2 Re5 24. Rd1 Qe7 25. Rfd2 Re3 26. Qf4 Qe5 27. Bg3 Rxg3 28.
hxg3 Qxf4 29. gxf4 Bf8 30. Re1 Rb8 31. Rde2 Kg7 32. Re6 Nd8 33. Re8 b5 34. R1e3 1-0

[Event "11th Vellmar Open 2019"]
[Site "Vellmar GER"]
[Date "2019.07.04"]
[Round "1.21"]
[White "Rouditser,Benjamin"]
[Black "Rempel,P"]
[Result "0-1"]
[WhiteElo "1815"]
[BlackElo "2119"]
[WhiteFideId "12987069"]
[BlackFideId "4657632"]
[EventDate "2019.07.04"]

1. d4 Nf6 2. c4 g6 3. f3 Bg7 4. e4 d6 5. Be3 O-O 6. Nc3 e5 7. dxe5 dxe5 8. Qxd8
Rxd8 9. Nb5 Na6 10. a3 b6 11. Ne2 c6 12. Nbc3 Ne8 13. c5 Nxc5 14. Bxc5 bxc5 15.
Na4 Rb8 16. Nc1 Nc7 17. Bc4 Be6 18. Bxe6 Nxe6 19. Ne2 Bh6 20. Kf2 Rd2 21. Rhd1
Rbd8 22. Ke1 Be3 23. Rxd2 Bxd2+ 24. Kf2 Rd3 25. Nc1 Rd4 26. Nb3 Rxa4 27. Nxd2
Rd4 28. Nf1 Kg7 29. Rc1 f5 30. exf5 gxf5 31. Rc2 Kf6 32. Nd2 Rd5 33. Nb3 Ke7 34.
Na5 Nd4 35. Rc3 Ke6 36. Nb7 c4 37. a4 Nb3 38. Rxc4 Rd2+ 39. Kg3 f4+ 40. Kh3 Kd5
41. Rc3 Rxb2 42. g3 fxg3 43. hxg3 c5 44. Rd3+ Nd4 45. Rc3 Rxb7 46. f4 exf4 47.
gxf4 Rb3 0-1

[Event "11th Vellmar Open 2019"]
[Site "Vellmar GER"]
[Date "2019.07.04"]
[Round "1.22"]
[White "Ziegenfuss,Antonia"]
[Black "Bornholdt,Joa Max"]
[Result "1-0"]
[WhiteTitle "WFM"]
[WhiteElo "2063"]
[BlackElo "1710"]
[WhiteFideId "12962554"]
[BlackFideId "16253477"]
[EventDate "2019.07.04"]

1. d4 d5 2. c4 c6 3. Nc3 Nf6 4. cxd5 cxd5 5. f3 Nc6 6. e4 dxe4 7. d5 Ne5 8. fxe4
a6 9. Qa4+ Bd7 10. Qd4 Qc7 11. Bf4 Nf3+ 12. Nxf3 Qxf4 13. Bd3 Rd8 14. O-O Ng4
15. Ne2 Qe3+ 16. Qxe3 Nxe3 17. Rfc1 Ng4 18. h3 Nf6 19. Nf4 e6 20. dxe6 Bxe6 21.
Ng5 Bb4 22. Nfxe6 fxe6 23. Rd1 Ke7 24. Bc4 h6 25. Nxe6 Rxd1+ 26. Rxd1 Nxe4 27.
Bd5 Ng3 28. Rd3 Nf5 29. g4 Nh4 30. Rb3 a5 31. a3 Bd2 32. Rxb7+ Kd6 33. Bc4 Rc8
34. Rb6+ Ke7 35. Rb7+ Kf6 36. Bb3 Re8 37. Nxg7 Re3 38. Nh5+ Ke5 39. Re7+ Kd6 40.
Rxe3 Bxe3+ 41. Kf1 Bc1 42. Bc2 Nf3 43. b4 axb4 44. axb4 Nd4 45. Bd3 Bd2 46. b5
Kc5 47. Nf6 Bf4 48. Ne4+ Kb6 49. Nf6 Bd6 50. Nd5+ Kc5 51. Nc3 Kb4 52. Ne4 Bc7
53. Nf6 Be5 54. Ng8 Bf4 55. b6 Kc5 56. b7 Nc6 57. Kf2 Kb6 58. Be4 Nb8 59. Kf3
Bg5 60. Bd5 Kc7 61. Ke4 Kd6 62. Kd4 Nd7 63. Bg2 Nb8 64. h4 Bxh4 65. Nxh6 Bf6+
66. Kc4 Kc7 67. Nf7 Nd7 68. g5 Bg7 69. Kb5 Bd4 70. Bd5 Nb8 71. g6 Nd7 72. Ng5
Kd6 73. Ne6 Be5 74. Bf3 Kxe6 75. Bg4+ Ke7 76. Bxd7 Kf6 77. Bf5 Ke7 78. Ka6 Bb8
79. Kb6 Ke8 80. Be6 Kf8 81. Kc6 Kg7 82. Bf5 1-0

[Event "11th Vellmar Open 2019"]
[Site "Vellmar GER"]
[Date "2019.07.04"]
[Round "1.23"]
[White "Wachsmann,Elmar"]
[Black "Heinelt,M"]
[Result "0-1"]
[WhiteElo "1784"]
[BlackElo "2101"]
[WhiteFideId "12973947"]
[BlackFideId "4656695"]
[EventDate "2019.07.04"]

1. d4 Nf6 2. c4 c5 3. e3 g6 4. Nf3 Bg7 5. Nc3 cxd4 6. exd4 O-O 7. Be2 d5 8. O-O
e6 9. Re1 Nc6 10. Bf4 dxc4 11. Bxc4 Na5 12. Bd3 b6 13. Qe2 Bb7 14. Rad1 Nd5 15.
Bd2 Nc6 16. Bg5 Nxd4 17. Nxd4 Qxg5 18. Nxe6 fxe6 19. Qxe6+ Kh8 20. h4 Qxh4 21.
Nxd5 Qxf2+ 22. Kh1 Qh4+ 23. Kg1 Bd4+ 24. Ne3 Qf2+ 25. Kh1 Qh4+ 26. Kg1 Bxg2 27.
Kxg2 Rf2+ 0-1

[Event "11th Vellmar Open 2019"]
[Site "Vellmar GER"]
[Date "2019.07.04"]
[Round "1.24"]
[White "Weiss,J"]
[Black "Schulze,Nick"]
[Result "1-0"]
[WhiteElo "2097"]
[BlackElo "1775"]
[WhiteFideId "24677663"]
[BlackFideId "16212312"]
[EventDate "2019.07.04"]

1. d4 Nf6 2. c4 e6 3. Nf3 c5 4. Nc3 b6 5. d5 exd5 6. cxd5 d6 7. e4 g6 8. h3 Bg7
9. Bb5+ Nfd7 10. Bf4 Qe7 11. O-O O-O 12. Bc6 Nxc6 13. dxc6 Ne5 14. Nd5 Qd8 15.
Nxe5 dxe5 16. Be3 Ba6 17. Re1 Bb5 18. c7 Qd7 19. Nc3 Qc6 20. Qd5 Rac8 21. a4
Qxd5 22. Nxd5 Bc6 23. Ne7+ Kh8 24. Nxc8 Rxc8 25. Red1 Bf6 26. Rd6 Rxc7 27. Rxf6
Bxe4 28. Bh6 Rd7 29. Re1 1-0

[Event "11th Vellmar Open 2019"]
[Site "Vellmar GER"]
[Date "2019.07.04"]
[Round "1.25"]
[White "Daday,Csaba"]
[Black "Gerlach,Felix Tobias"]
[Result "0-1"]
[WhiteElo "1688"]
[BlackElo "2097"]
[WhiteFideId "1231995"]
[BlackFideId "12957690"]
[EventDate "2019.07.04"]

1. d4 Nf6 2. Nf3 c5 3. d5 b5 4. Bg5 Bb7 5. Bxf6 exf6 6. c4 b4 7. e4 g6 8. Bd3
Bg7 9. Qc2 O-O 10. h4 Re8 11. Nbd2 a5 12. h5 d6 13. hxg6 hxg6 14. e5 dxe5 15.
O-O-O f5 16. Bxf5 gxf5 17. Qxf5 Nd7 18. Ne4 Nf6 19. Nxe5 Bc8 20. Nxf6+ Qxf6 21.
Qxf6 Bxf6 22. Nd3 Bf5 0-1

[Event "11th Vellmar Open 2019"]
[Site "Vellmar GER"]
[Date "2019.07.04"]
[Round "1.26"]
[White "Hourigan,Gerrit"]
[Black "Rehbein,U"]
[Result "1-0"]
[WhiteElo "2037"]
[BlackElo "1774"]
[WhiteFideId "16204174"]
[BlackFideId "4681037"]
[EventDate "2019.07.04"]

1. d4 Nf6 2. c4 g6 3. Nc3 Bg7 4. Nf3 O-O 5. Bg5 c5 6. e3 Na6 7. Be2 d6 8. O-O b6
9. Re1 Bb7 10. d5 Nc7 11. e4 Nd7 12. Qd2 Ne5 13. Nxe5 Bxe5 14. Rad1 a6 15. a4
Qd7 16. Bd3 e6 17. Kh1 exd5 18. exd5 f5 19. f4 Bg7 20. Re7 Qc8 21. a5 bxa5 22.
Na4 Bf6 23. Nb6 Qd8 24. Bxf6 Rxf6 25. Rd7 Qb8 26. Nxa8 Bxa8 27. Qxa5 Rf7 1-0

[Event "11th Vellmar Open 2019"]
[Site "Vellmar GER"]
[Date "2019.07.04"]
[Round "1.27"]
[White "Ziegenfuss,Larissa"]
[Black "Windelband,J"]
[Result "0-1"]
[WhiteElo "1756"]
[BlackElo "2075"]
[WhiteFideId "12974722"]
[BlackFideId "4663845"]
[EventDate "2019.07.04"]

1. e4 e6 2. d4 d5 3. Nd2 c5 4. exd5 exd5 5. Bb5+ Bd7 6. Bxd7+ Nxd7 7. Ngf3 Ngf6
8. O-O Be7 9. dxc5 Nxc5 10. Nb3 Nce4 11. Nfd4 Qd7 12. f3 Nd6 13. Nc5 Qc8 14. Nd3
O-O 15. Re1 Re8 16. b3 Qc7 17. Bb2 Nd7 18. Nf4 Nb6 19. Nde2 Nf5 20. Qd2 Bd6 21.
h3 Ne3 22. Nh5 Qxc2 23. Qc1 Be5 24. Bxe5 Rxe5 25. Nhf4 Qf5 26. g4 Qf6 27. Kf2
Rc8 28. Qb2 Rc2 29. Qd4 Nxg4+ 30. Kg2 Rexe2+ 0-1